书目信息 |
| 题名: |
内难经选释
|
|
| 作者: | 阎洪臣 , 高光震 选释 | |
| 分册: | ||
| 出版信息: | 长春 吉林人民出版社 1979 |
|
| 页数: | 274页 | |
| 开本: | 20cm | |
| 丛书名: | ||
| 单 册: | ||
| 中图分类: | R22 | |
| 科图分类: | ||
| 主题词: | 中医医学基础 | |
| 电子资源: | ||
| ISBN: | ||
| 000 | 00623nam0 2200241 45 | |
| 001 | 0179008811 | |
| 005 | 20040520101854.5 | |
| 010 | @dCNY0.80 | |
| 091 | @a14091.59 | |
| 100 | @a19950804d1979 em y0chiy0121 ea | |
| 101 | 0 | @achi |
| 102 | @aCN@b220000 | |
| 105 | @ay z 000yy | |
| 106 | @ar | |
| 200 | 10 | @a内难经选释@Anei nan jing xuan shi@f阎洪臣,高光震选释 |
| 210 | @a长春@c吉林人民出版社@d1979 | |
| 215 | @a274页@d20cm | |
| 606 | 0 | @a中医医学基础 |
| 690 | @aR22 | |
| 701 | 0 | @a阎洪臣@Ayan hong chen@4选释 |
| 701 | 0 | @a高光震@Agao guang zhen@4选释 |
| 801 | 0 | @aCN@bNLC@c20040520 |
| 905 | @f2@b7245-246@dR22@e2 | |
| 内难经选释/阎洪臣,高光震选释.-长春:吉林人民出版社,1979 |
| 274页;20cm |
| ISBN :CNY0.80 |
| ● |
| 相关链接 |
|
|
|
|
正题名:内难经选释
索取号:R22/2
 
预约/预借
| 序号 | 登录号 | 条形码 | 馆藏地/架位号 | 状态 | 备注 |
| 1 | 0007245 | 000710966 | 第二样本阅览室/ [索取号:R22/2] | 在馆 | |
| 2 | 0007246 | 000711171 | 密集书库/ [索取号:R22/2] | 在馆 |